[Event "Skilling Open CCT 2021"]
[Site "Online"]
[Date "2020.11.19"]
[Round "12.5"]
[White "Nakamura, Hikaru"]
[Black "Radjabov, Teimour"]
[Result "1/2-1/2"]
[WhiteElo "2829"]
[BlackElo "2758"]
[Annotator "TA"]
[PlyCount "67"]
[EventDate "2020.11.20"]
[EventType "tourn"]
[EventCountry "NET"]
[Tiebreak "Koya+Number of black wins+Number of wins"]
[SourceTitle "playchess.com"]
[Source "ChessBase"]
[SourceQuality "1"]

{[%evp 13,67,15,15,9,11,10,13,10,10,10,9,3,10,9,17,0,10,8,12,10,16,18,23,0,0,0,
0,0,0,0,0,0,0,0,29,21,20,25,25,27,25,26,33,0,0,0,0,0,0,0,0,0,0,0,0,0]} 1. d4
Nf6 2. c4 e6 3. Nf3 d5 4. Nc3 Be7 5. Bf4 O-O 6. e3 Nbd7 7. c5 Nh5 8. Bd3 {
D37: Queen's Gambit Declined: 5 Bf4.} (8. Be2 Nxf4 9. exf4 b6 10. b4 a5 11. a3
c6 12. O-O Ba6 13. Qc2 Bxe2 14. Nxe2 Ra7 15. Rab1 axb4 16. axb4 Qa8 17. Nc1 Rb8
18. Nd3 Ra2 19. Qd1 bxc5 20. bxc5 Rxb1 21. Qxb1 Bf6 22. h4 h6 23. h5 Ra4 24.
Qb2 {1/2-1/2 (47) Nakamura,H (2736)-Radjabov,T (2765) chess.com INT 2020}) 8...
Nxf4 9. exf4 b6 10. b4 $1 a5 11. a3 c6 12. O-O Qc7 {[%cal Rb6c5] 12...Ba6 is
more fashionable.} 13. g3 Ba6 14. Re1 {has lost popularity (14.Bxa6).} Bf6 15.
Ne5 Bxd3 (15... Nxe5 {feels hotter.} 16. fxe5 Bd8 17. h4 Bxd3 18. Qxd3 Qa7) 16.
Qxd3 Bxe5 17. fxe5 Ra7 {[#]} 18. Ne2 $146 ({Predecessor:} 18. Rab1 axb4 19.
axb4 Rfa8 20. Kg2 Ra3 21. Qc2 bxc5 22. bxc5 Qa5 23. Rec1 h5 24. h4 {1/2-1/2 
(60) Buhmann,R (2633)-Azarov,S (2577) Bad Wiessee 2016}) 18... Rfa8 {[#]
Threatens to win with ...axb4.} 19. Rab1 axb4 20. axb4 Ra3 21. Rb3 Rxb3 22.
Qxb3 Qa7 23. Rb1 bxc5 24. bxc5 Rb8 25. Qd1 Rxb1 26. Qxb1 Nf8 27. h4 Qa6 28. Qb2
Qd3 {The position is equal.} 29. Nf4 Qd1+ 30. Kg2 Ng6 31. Qb8+ Nf8 32. Qb2 Ng6
33. Qb8+ Nf8 34. Qb2 {A rather calm draw.  Weighted Error Value: White=0.04/
Black=0.02} 1/2-1/2

[Event "Skilling Open CCT 2021"]
[Site "Online"]
[Date "2020.11.19"]
[Round "12.6"]
[White "Le, Quang Liem"]
[Black "Carlsen, Magnus"]
[Result "1/2-1/2"]
[WhiteElo "2744"]
[BlackElo "2881"]
[Annotator "TA"]
[PlyCount "71"]
[EventDate "2020.11.20"]
[EventType "tourn"]
[EventCountry "NET"]
[Tiebreak "Koya+Number of black wins+Number of wins"]
[SourceTitle "playchess.com"]
[Source "ChessBase"]
[SourceQuality "1"]

{[%evp 23,71,11,9,9,9,9,9,9,7,7,13,11,10,12,10,14,12,10,10,11,17,10,10,9,18,9,
22,9,6,13,13,6,9,9,9,0,14,0,0,0,0,0,0,0,0,0,0,0,0,0]} 1. d4 Nf6 2. c4 e6 3. Nf3
d5 4. Nc3 c6 5. e3 Nbd7 6. Qc2 Bd6 7. b3 O-O 8. Be2 e5 9. cxd5 cxd5 10. Nb5
Bb4+ 11. Bd2 Bxd2+ 12. Nxd2 a6 {The position is equal.} 13. dxe5 {D45:
Semi-Slav: 5 e3.} Nxe5 14. Nd4 Bg4 15. Bxg4 Nfxg4 16. O-O Rc8 ({Reject} 16...
Qh4 $6 17. h3 $16) 17. Qf5 {[#] Hoping for h3.} g6 ({Don't go for} 17... Qh4 $2
18. h3 $18) 18. Qf4 {Black must now prevent h3.} Qe7 19. N2f3 Nxf3+ 20. Qxf3
Nf6 21. Rfc1 Ne4 22. Qd1 Qf6 {[#]} 23. Rc2 $146 ({Predecessor:} 23. Qe2 Rfd8
24. h3 h5 25. Rc2 Rxc2 26. Qxc2 Nd6 27. Rc1 Rc8 28. Qd1 Rxc1 29. Qxc1 {1/2-1/2
(37) Giri,A (2764)-Carlsen,M (2863) chess24.com INT 2020}) 23... Rc5 24. Rac1
Rfc8 25. f3 Rxc2 $1 26. Rxc2 Rxc2 27. Qxc2 Nd6 28. h3 Nb5 29. Nxb5 axb5 $11 {
[%mdl 4096] Endgame KQ-KQ} 30. Qc8+ Kg7 {Black wants to play ...Qa1+.} 31. Qxb7
Qa1+ 32. Kh2 Qe5+ {[%mdl 64] [#] Double Attack} 33. Kh1 Qa1+ 34. Kh2 Qe5+ {
[%mdl 64] Double Attack} 35. Kh1 Qa1+ 36. Kh2 {An uneventful encounter. 
Weighted Error Value: White=0.02/Black=0.00} 1/2-1/2

[Event "Skilling Open CCT 2021"]
[Site "Online"]
[Date "2020.11.19"]
[Round "12.7"]
[White "Vidit, Santosh Gujrathi"]
[Black "Nepomniachtchi, Ian"]
[Result "1/2-1/2"]
[WhiteElo "2636"]
[BlackElo "2778"]
[Annotator "TA"]
[PlyCount "88"]
[EventDate "2020.11.20"]
[EventType "tourn"]
[EventCountry "NET"]
[Tiebreak "Koya+Number of black wins+Number of wins"]
[SourceTitle "playchess.com"]
[Source "ChessBase"]
[SourceQuality "1"]

{[%evp 18,88,-4,0,34,23,77,81,80,93,106,101,119,114,91,93,75,75,79,80,71,30,45,
31,46,21,22,14,10,22,15,16,37,0,10,0,0,0,0,0,0,0,0,0,0,0,0,0,0,0,0,0,0,0,0,0,0,
0,0,0,0,0,0,0,0,0,0,0,0,0,0,0,0]} 1. d4 Nf6 2. c4 g6 3. Nc3 d5 4. Nf3 Bg7 5.
cxd5 Nxd5 6. e4 Nxc3 7. bxc3 c5 8. h3 O-O 9. Be2 Nc6 10. Be3 Qa5 {[#] White
must now prevent ...cxd4. D85: Exchange Grünfeld: Unusual White 7th moves and
lines with 7 Nf3.} 11. O-O cxd4 $5 {[%mdl 4] Exploring less charted territory.}
(11... b6 $11 {keeps the balance.}) 12. cxd4 $16 {[#]} Bd7 $5 $146 {[%mdl 8]
White is better. An interesting novelty.} ({Predecessor:} 12... b6 13. d5 Ne5
14. Nxe5 Bxe5 15. Bd4 Bxd4 16. Qxd4 Ba6 17. Bxa6 Qxa6 18. e5 Rfd8 {1-0 (41)
Parligras,M (2591)-Almeida Junior,A (2174) Chess.com INT 2020}) 13. Rb1 b6 14.
a4 Nd8 15. Bb5 Bxb5 16. axb5 {[#] And now Qb3 would win.} Qa2 17. Qd3 Nb7 18.
Ra1 Qe6 19. Ra6 Qd7 {...Nc5! is the strong threat.} 20. Ra3 Rfc8 21. e5 Na5 22.
Rc1 Rxc1+ 23. Bxc1 Rc8 24. Rc3 e6 25. Ba3 h6 {The position is equal.} 26. Bd6
Rxc3 27. Qxc3 Qxb5 28. Qc8+ Kh7 29. Qc7 Qb1+ 30. Kh2 Qf5 31. Qxa7 Nc4 32. Qc7
b5 33. Qc6 Qf4+ 34. Kg1 Qc1+ 35. Kh2 Qb2 36. Qe8 Nd2 $1 {[%cal Rd2f3] aiming
for ...Nxf3+.} ({Wrong is} 36... Qxf2 $2 37. Qxf7 Nxd6 38. exd6 $18) 37. Nxd2
Qxd2 38. Qxf7 {Intending Bf8 and mate.} Qxd4 39. f4 {White threatens Bf8 and
mate.} g5 40. fxg5 hxg5 41. Qh5+ Bh6 42. Qf7+ Bg7 43. Qh5+ Bh6 44. Qf7+ Bg7 {
Weighted Error Value: White=0.04/Black=0.06} 1/2-1/2

[Event "Skilling Open CCT 2021"]
[Site "Online"]
[Date "2020.11.19"]
[Round "12.8"]
[White "So, Wesley"]
[Black "Svidler, Peter"]
[Result "1/2-1/2"]
[WhiteElo "2741"]
[BlackElo "2742"]
[Annotator "RC"]
[PlyCount "73"]
[EventDate "2020.11.20"]
[EventType "tourn"]
[EventCountry "NET"]
[Tiebreak "Koya+Number of black wins+Number of wins"]
[SourceTitle "playchess.com"]
[Source "ChessBase"]
[SourceQuality "1"]
[TimeControl "900+10"]

1. d4 {[%emt 0:00:00]} Nf6 {[%emt 0:00:00]} 2. c4 {[%emt 0:00:00]} g6 {[%emt 0:
00:00]} 3. Nc3 {[%emt 0:00:00]} d5 {[%emt 0:00:00]} 4. cxd5 {[%emt 0:00:00]}
Nxd5 {[%emt 0:00:00]} 5. e4 {[%emt 0:00:00]} Nxc3 {[%emt 0:00:00]} 6. bxc3 {
[%emt 0:00:00]} Bg7 {[%emt 0:00:00]} 7. Nf3 {[%emt 0:00:00]} c5 {[%emt 0:00:00]
} 8. Rb1 {[%emt 0:00:00]} O-O {[%emt 0:00:09]} 9. Be2 {[%emt 0:00:00]} cxd4 {
[%emt 0:00:04]} 10. cxd4 {[%emt 0:00:01]} Qa5+ {[%emt 0:00:02]} 11. Bd2 {
[%emt 0:00:01]} Qxa2 {[%emt 0:00:01]} 12. O-O {[%emt 0:00:01]} Bg4 {[%emt 0:00:
01]} 13. Rxb7 {[%emt 0:00:01]} Bxf3 {[%emt 0:00:02]} 14. Bxf3 {[%emt 0:00:00]}
Bxd4 {[%emt 0:00:03]} 15. e5 {[%emt 0:00:01]} Na6 {[%emt 0:00:15]} 16. Rxe7 {
[%emt 0:00:04]} Rad8 {[%emt 0:00:12]} 17. e6 {[%emt 0:00:02]} fxe6 {[%emt 0:00:
38]} 18. Qe1 {[%emt 0:00:03]} Bf6 {[%emt 0:00:24]} 19. Rxa7 {[%emt 0:00:03]}
Rxd2 {[%emt 0:00:04]} 20. Rxa6 {[%emt 0:00:02]} Qxa6 {[%emt 0:00:01]} 21. Qxd2
{[%emt 0:00:01]} Qb6 {[%emt 0:04:07]} 22. g3 {[%emt 0:00:02]} Bd4 {[%emt 0:00:
09]} 23. Kg2 {[%emt 0:00:05]} Kg7 {[%emt 0:00:13]} 24. Be4 {[%emt 0:00:56]} Qb2
{[%emt 0:00:15]} 25. Qxb2 {[%emt 0:00:01]} Bxb2 {[%emt 0:00:01]} 26. Rb1 {
[%emt 0:00:01]} Bd4 {[%emt 0:00:03]} 27. Rb7+ {[%emt 0:00:00]} Rf7 {[%emt 0:00:
02]} 28. Rxf7+ {[%emt 0:00:01]} Kxf7 {[%emt 0:00:01]} 29. f3 {[%emt 0:00:03]}
h6 {[%emt 0:00:02]} 30. g4 {[%emt 0:00:00]} g5 {[%emt 0:00:01]} 31. Bd3 {
[%emt 0:00:00]} Be5 {[%emt 0:00:01]} 32. Be4 {[%emt 0:00:00]} Kf6 {[%emt 0:00:
01]} 33. h3 {[%emt 0:00:02]} Bf4 {[%emt 0:00:01]} 34. Bd3 {[%emt 0:00:00]} Be5
{[%emt 0:00:01]} 35. Be4 {[%emt 0:00:00]} Bf4 {[%emt 0:00:01]} 36. Bd3 {
[%emt 0:00:00]} Be5 {[%emt 0:00:01]} 37. Be4 {[%emt 0:00:00]} 1/2-1/2

[Event "Skilling Open CCT 2021"]
[Site "Online"]
[Date "2020.11.19"]
[Round "13.1"]
[White "Svidler, Peter"]
[Black "Vachier-Lagrave, Maxime"]
[Result "1-0"]
[WhiteElo "2742"]
[BlackElo "2860"]
[Annotator "TA"]
[PlyCount "79"]
[EventDate "2020.11.20"]
[EventType "tourn"]
[EventCountry "NET"]
[Tiebreak "Koya+Number of black wins+Number of wins"]
[SourceTitle "playchess.com"]
[Source "ChessBase"]
[SourceQuality "1"]

{[%evp 10,79,28,13,17,3,15,6,19,-22,33,-13,14,-8,41,7,18,0,21,-14,-14,-20,0,
-70,28,39,12,0,0,0,0,0,0,0,0,0,0,-525,228,231,235,240,252,250,229,239,234,236,
236,137,378,371,379,381,386,379,382,378,366,375,347,376,360,323,481,507,512,
500,487,490,471,458]} 1. e4 c5 2. Nf3 d6 3. d4 cxd4 4. Nxd4 Nf6 5. Nc3 a6 6.
Nb3 e6 {B90: Sicilian Najdorf: Unusual White 6th moves, 6 Be3 Ng4 and 6 Be3 e5.
} 7. g4 b5 8. Bg2 {e5! is the strong threat.} Bb7 {The position is equal.} 9.
g5 Nfd7 (9... b4 $11) 10. h4 Be7 (10... b4 $5 {[%cal Rb4c3]} 11. Ne2 a5 $11)
11. f4 h6 (11... b4 $5 {[%cal Rb4c3]} 12. Ne2 Nc6 $11) 12. Qg4 Nc6 {[%cal
Bb8c6,Bc6a5,Ba5c4][%mdl 32]} 13. Be3 {[#]} Na5 $146 ({Predecessor:} 13... hxg5
14. hxg5 Rxh1+ 15. Bxh1 g6 16. O-O-O Qc7 17. Qg1 O-O-O 18. Kb1 Kb8 19. Ne2 Rc8
{1-0 (36) Vidic,T (2102)-Rozman,M (2130) Maribor 2017}) 14. O-O-O Nc4 15. Bf2
Qc7 16. Nd4 (16. f5 $11) 16... h5 (16... Rc8 $1 $15 17. g6 O-O) 17. Qh3 $11 b4
18. g6 {aiming for gxf7+.} bxc3 19. gxf7+ Kxf7 20. Qxe6+ Kf8 21. Qf5+ $1 Kg8
22. Qe6+ $1 {[%mdl 64] Double Attack} Kh7 23. Bh3 $2 {[%mdl 8192]} (23. Qf5+
$11 {and White is okay.} Kg8 24. Qe6+ {[%mdl 64] Double Attack} Kf8 25. b3)
23... Bf6 $4 {[%mdl 8192]} (23... cxb2+ $19 {and life is good for Black.} 24.
Kb1 Rhc8) 24. Bf5+ $40 {[%mdl 128] White is out for blood.} Kh6 25. b3 {
Threatens to win with Qf7!} Nf8 (25... Qa5 26. Rdg1 $18) 26. Qxc4 Qxc4 27. bxc4
g6 28. Rhg1 Rg8 29. Nb3 (29. Nf3 $18) 29... Re8 $2 {This costs Black the game.}
(29... Rg7 $16) 30. Rxd6 Be7 {[#]} 31. Rb6 $1 {[%cal Rb6b7]} Bxe4 32. Bxe4 Ba3+
33. Kb1 Rxe4 34. Rxa6 Be7 35. Re1 Rxe1+ 36. Bxe1 Nd7 (36... Nh7 $142 37. Nd4 (
37. Bxc3 Bxh4 38. f5 Bd8 $18) 37... Rf8) 37. Ra7 {White is clearly winning.}
Rd8 38. Bxc3 Bxh4 39. Ba5 Bf2 {[#]} 40. c5 $1 {Weighted Error Value: White=0.
33/Black=0.47} ({Less strong is} 40. Bxd8 Bxa7 41. Bg5+ Kg7 $16) 1-0

[Event "Skilling Open CCT 2021"]
[Site "Online"]
[Date "2020.11.19"]
[Round "13.2"]
[White "Nepomniachtchi, Ian"]
[Black "So, Wesley"]
[Result "1/2-1/2"]
[WhiteElo "2778"]
[BlackElo "2741"]
[Annotator "TA"]
[PlyCount "137"]
[EventDate "2020.11.20"]
[EventType "tourn"]
[EventCountry "NET"]
[Tiebreak "Koya+Number of black wins+Number of wins"]
[SourceTitle "playchess.com"]
[Source "ChessBase"]
[SourceQuality "1"]

{[%evp 18,137,14,12,22,12,9,0,4,0,18,4,14,0,22,0,0,0,14,6,17,11,8,0,0,0,0,-43,
-59,-139,-144,-137,-141,-140,-133,-141,-125,-141,-137,-165,-141,-133,-133,-137,
-110,-308,-292,-352,-347,-743,-754,-719,-666,-600,-219,-231,-219,-209,-83,-87,
-86,-173,-65,-65,-32,-32,-33,-37,-8,-8,-8,-8,-8,-8,-8,-8,-8,-54,-54,-75,-37,
-37,-37,-38,0,-17,-19,-45,-43,-47,0,-45,0,-45,0,0,0,0,0,0,0,0,0,0,0,0,0,0,0,0,
0,0,0,0,0,0,0,0,0,0,0,0]} 1. e4 e5 2. Nf3 Nc6 3. Bb5 Nf6 4. O-O Nxe4 5. Re1 Nd6
6. Nxe5 Be7 7. Bf1 Nxe5 8. Rxe5 O-O 9. d4 Bf6 10. Re1 Re8 $1 {10...Re8 scores
better than 10...Nf5. C67: Ruy Lopez: Berlin Defence: 4 0-0 Nxe4.} 11. Rxe8+
Nxe8 12. d5 d6 {[#]} 13. h3 $146 ({Predecessor:} 13. Nd2 Bg5 14. a4 a5 15. Ra3
Bd7 16. g3 Nf6 17. Bg2 Qe8 18. c4 b6 19. h3 {0-1 (45) Abdusattorov,N (2627)-So,
W (2770) Chess.com INT 2020}) 13... Bd7 14. Qd3 a5 15. Nc3 Bg5 16. Bxg5 Qxg5
17. Re1 Nf6 18. Ne4 Nxe4 19. Qxe4 h6 20. h4 Qd2 21. Re2 Qb4 22. Qe7 Bb5 23. c4
(23. Re4 $15 Qxb2 {[%mdl 64] Double Attack} 24. Bxb5 Qxb5 25. c4 Qb1+ 26. Re1
Qxa2 27. Qxc7) 23... Qxc4 $17 ({But not} 23... Bxc4 $2 24. Re4 $18) 24. Re1
Qxd5 {White must now prevent ...Re8.} 25. Qxc7 Bxf1 26. Kxf1 {[%mdl 4096]
Endgame KQR-KQR} Qb5+ $1 27. Kg1 Qxb2 28. Re7 Qxa2 29. Qxb7 Rf8 30. g3 a4 31.
Qa6 $2 (31. Qc6 $17 {might work better.}) 31... d5 32. Ra7 Qb1+ 33. Kh2 $2 (33.
Qf1 Qe4 34. Qg2) 33... Qc2 $19 34. Qb6 Re8 35. Rc7 Qb3 $2 (35... Qf5 36. Qb2 a3
$1 {[%mdl 512]}) 36. Qc6 {[#]} Rf8 $1 37. Ra7 {[#]} a3 (37... Qf3 $1 $19 {
[%cal Rf3f2]} 38. Qc2 a3) 38. Qc5 $17 a2 {And now ...Qb2 would win.} 39. Qa5 (
39. Qa3 $17 {keeps fighting.} Qd1 40. Qxa2) 39... h5 (39... d4 $19 40. Qxa2 Qf3
) 40. Qxa2 $15 Qxa2 (40... Qf3 {with more complications.} 41. Ra4 Qf6 42. Rf4
Qe6 43. Qa5 Qd7) 41. Rxa2 {KR-KR} Rd8 42. Kg2 Kh7 43. Kf3 Kg6 44. Kf4 Rd7 45.
Ra6+ f6 46. Ra3 Kf7 47. Ke3 Ke6 48. Kf4 g6 49. Ra6+ Rd6 50. Ra3 Rd7 51. Ra6+
Ke7 52. Ke3 Rd6 53. Ra3 Ke6 54. Kf4 Kd7 55. Ke3 Re6+ 56. Kd4 {The position is
equal.} Re5 57. Ra6 Ke7 58. f4 Re4+ 59. Kxd5 Re3 60. Ra7+ Kf8 61. Rb7 {Cut Off
at move 61} Kg8 62. Ra7 Kf8 63. Rb7 Rxg3 64. Ke6 Rg4 65. Kxf6 {[%cal Rb7b8]}
Rxf4+ 66. Kxg6 Rxh4 67. Rb5 Rh3 68. Rxh5 Rxh5 69. Kxh5 {White happily takes
the draw.  Weighted Error Value: White=0.23/Black=0.21} 1/2-1/2

[Event "Skilling Open CCT 2021"]
[Site "Online"]
[Date "2020.11.19"]
[Round "13.3"]
[White "Carlsen, Magnus"]
[Black "Vidit, Santosh Gujrathi"]
[Result "1-0"]
[WhiteElo "2881"]
[BlackElo "2636"]
[Annotator "TA"]
[PlyCount "99"]
[EventDate "2020.11.20"]
[EventType "tourn"]
[EventCountry "NET"]
[Tiebreak "Koya+Number of black wins+Number of wins"]
[SourceTitle "playchess.com"]
[Source "ChessBase"]
[SourceQuality "1"]

{[%evp 9,99,12,12,15,10,12,12,12,13,7,18,14,27,23,25,17,31,31,39,36,37,20,30,
26,74,14,14,20,37,46,35,43,47,-784,12,18,18,27,164,180,180,180,164,177,233,231,
242,240,238,226,214,115,229,263,356,299,241,144,145,145,152,152,152,152,152,
152,29981,29982,29982,29977,29968,29978,29978,29979,29977,29979,29977,29975,
29974,29975,29980,29981,29981,29982,29982,29983,29986,29986,29987,29988,29988,
29988]} 1. e4 e5 2. Nf3 Nc6 3. Bc4 Bc5 4. d3 Nf6 5. a4 d6 6. a5 {C50:
Hungarian Defence and Giuoco Pianissimo.} a6 7. c3 Ba7 8. O-O {The position is
equal.} O-O 9. Be3 Bxe3 10. fxe3 {[#]} Be6 $146 ({Predecessor:} 10... Qe7 11.
Nbd2 Be6 12. Qb3 Rab8 13. Bxe6 Qxe6 14. Qxe6 fxe6 15. d4 Rfe8 16. dxe5 Nxe5 17.
Nxe5 dxe5 18. Ra4 Red8 19. Nc4 {1/2-1/2 (19) Kollars,D (2588)-Donchenko,A 
(2658) Bremen 2020}) 11. Bxe6 fxe6 12. Nbd2 d5 13. Qb3 Qd6 14. exd5 (14. Qxb7
$2 Rfb8 $19) 14... Qxd5 15. e4 Qxd3 16. Qxb7 Nxe4 17. Qxc6 ({White should try} 
17. Nxe4 $16 Qxe4 18. Qxc7) 17... Nxd2 $11 18. Nxd2 Qxd2 19. Qxe6+ Kh8 20. Qxa6
$40 {[%mdl 128] White mounts an attack.} Qxb2 21. Rxf8+ Rxf8 22. Rf1 Rxf1+ $1
23. Qxf1 {[%cal Rf1f8][%mdl 4096] Endgame KQ-KQ} h6 (23... Qa3 $11) 24. Qf8+
$18 Kh7 25. Qf5+ {[%mdl 64] Double Attack} Kh8 26. Qxe5 Qc1+ (26... c6 $142 27.
h3 Kg8 28. Qe6+ Kh8 29. Qc8+ (29. Qxc6 Qa1+ 30. Kf2 Qxa5 $18) 29... Kh7) 27.
Kf2 Qd2+ 28. Kf3 Qd3+ {[#]} 29. Kf4 $1 {Black must now prevent Qe8+.} Qd2+ {[#]
} 30. Kf5 (30. Ke4 $1 $18) 30... Qd3+ (30... c5 $16 31. Qe8+ Kh7) 31. Ke6 Qc4+
32. Kd7 c5 33. Qb8+ (33. Kd8 $18) 33... Kh7 $16 34. Qb1+ Kh8 35. Qb6 {aiming
for a6.} Qxc3 36. a6 Qd2+ 37. Kc8 {And now Qd8+ would win.} c4 $2 (37... Qxg2
$16 38. a7 Qg4+ 39. Kb8 Qf4+ 40. Kb7 Qe4+ 41. Qc6 Qb4+ 42. Kc7 Qf4+ 43. Kb6
Qb4+ 44. Kc7 Qf4+ 45. Kd8 Qg5+ 46. Ke8 Qh5+ 47. Kf8 Qf5+ 48. Ke8 Qh5+ 49. Kd8
Qh4+ 50. Ke8 Qh5+) 38. a7 {White mates.} ({Not} 38. Qd8+ Qxd8+ 39. Kxd8 c3 $11)
38... Qxg2 39. Qb8 Qc6+ 40. Kd8 Qd5+ 41. Ke7+ Kh7 42. a8=Q Qg5+ 43. Kd7 Qf5+
44. Kc6 Qe4+ 45. Kc5 Qe3+ 46. Kxc4 Qe2+ 47. Kb3 Qd3+ 48. Kb2 Qd2+ 49. Ka1 Qd4+
50. Qb2 {Weighted Error Value: White=0.19/Black=0.32} 1-0

[Event "Skilling Open CCT 2021"]
[Site "Online"]
[Date "2020.11.19"]
[Round "13.4"]
[White "Radjabov, Teimour"]
[Black "Le, Quang Liem"]
[Result "1/2-1/2"]
[WhiteElo "2758"]
[BlackElo "2744"]
[Annotator "RC"]
[PlyCount "134"]
[EventDate "2020.11.20"]
[EventType "tourn"]
[EventCountry "NET"]
[Tiebreak "Koya+Number of black wins+Number of wins"]
[SourceTitle "playchess.com"]
[Source "ChessBase"]
[SourceQuality "1"]
[TimeControl "900+10"]

1. d4 {[%emt 0:00:00]} Nf6 {[%emt 0:00:00]} 2. c4 {[%emt 0:00:00]} e6 {[%emt 0:
00:00]} 3. Nf3 {[%emt 0:00:00]} d5 {[%emt 0:00:00]} 4. Nc3 {[%emt 0:00:00]} a6
{[%emt 0:00:00]} 5. c5 {[%emt 0:00:00]} b6 {[%emt 0:00:00]} 6. cxb6 {[%emt 0:
00:01]} cxb6 {[%emt 0:00:04]} 7. Bg5 {[%emt 0:00:01]} Be7 {[%emt 0:00:18]} 8.
e3 {[%emt 0:00:01]} O-O {[%emt 0:00:09]} 9. Bd3 {[%emt 0:00:02]} Nbd7 {[%emt 0:
00:14]} 10. O-O {[%emt 0:00:01]} Bb7 {[%emt 0:00:01]} 11. Qb1 {[%emt 0:00:24]}
h6 {[%emt 0:00:41]} 12. Bf4 {[%emt 0:00:04]} Rc8 {[%emt 0:00:56]} 13. a4 {
[%emt 0:00:16]} Nh5 {[%emt 0:04:42]} 14. h3 {[%emt 0:01:02]} Nxf4 {[%emt 0:00:
30]} 15. exf4 {[%emt 0:00:01]} Bb4 {[%emt 0:00:04]} 16. Rc1 {[%emt 0:00:18]}
Nf6 {[%emt 0:01:45]} 17. Qc2 {[%emt 0:02:39]} Ne4 {[%emt 0:01:47]} 18. Qb3 {
[%emt 0:00:28]} Bd6 {[%emt 0:00:19]} 19. Ne2 {[%emt 0:00:18]} Rc7 {[%emt 0:03:
14]} 20. g3 {[%emt 0:00:38]} g5 {[%emt 0:01:01]} 21. Ne5 {[%emt 0:01:10]} gxf4
{[%emt 0:00:53]} 22. Nxf4 {[%emt 0:00:19]} Bxe5 {[%emt 0:00:36]} 23. dxe5 {
[%emt 0:00:03]} d4 {[%emt 0:00:17]} 24. Qd1 {[%emt 0:02:58]} Ng5 {[%emt 0:00:
02]} 25. Qg4 {[%emt 0:01:06]} f5 {[%emt 0:00:58]} 26. Qe2 {[%emt 0:01:43]} Nf3+
{[%emt 0:00:27]} 27. Kf1 {[%emt 0:00:02]} Nh2+ {[%emt 0:00:03]} 28. Ke1 {
[%emt 0:00:18]} Nf3+ {[%emt 0:00:01]} 29. Kd1 {[%emt 0:00:04]} Ng5 {[%emt 0:00:
07]} 30. Qd2 {[%emt 0:01:18]} Bf3+ {[%emt 0:00:20]} 31. Be2 {[%emt 0:00:56]}
Rxc1+ {[%emt 0:00:27]} 32. Rxc1 {[%emt 0:00:02]} Qd7 {[%emt 0:00:01]} 33. Bxf3
{[%emt 0:00:55]} Nxf3 {[%emt 0:00:00]} 34. Qb4 {[%emt 0:00:01]} Nxe5 {[%emt 0:
00:01]} 35. Qxb6 {[%emt 0:00:24]} Qxa4+ {[%emt 0:00:10]} 36. b3 {[%emt 0:00:10]
} Qb5 {[%emt 0:00:21]} 37. Qxe6+ {[%emt 0:01:13]} Rf7 {[%emt 0:00:01]} 38. Kc2
{[%emt 0:00:52]} d3+ {[%emt 0:00:17]} 39. Kb2 {[%emt 0:00:01]} d2 {[%emt 0:00:
01]} 40. Rd1 {[%emt 0:00:32]} Nd3+ {[%emt 0:00:02]} 41. Nxd3 {[%emt 0:00:08]}
Qxd3 {[%emt 0:00:00]} 42. Qc8+ {[%emt 0:00:45]} Kh7 {[%emt 0:00:17]} 43. Qc3 {
[%emt 0:00:17]} Rd7 {[%emt 0:00:14]} 44. Qxd3 {[%emt 0:00:14]} Rxd3 {[%emt 0:
00:00]} 45. Kc2 {[%emt 0:00:01]} Rf3 {[%emt 0:00:01]} 46. Rxd2 {[%emt 0:00:01]}
f4 {[%emt 0:00:04]} 47. gxf4 {[%emt 0:00:27]} Rxh3 {[%emt 0:00:02]} 48. Rd7+ {
[%emt 0:00:31]} Kg6 {[%emt 0:00:02]} 49. Rd6+ {[%emt 0:00:01]} Kf5 {[%emt 0:00:
01]} 50. Rxa6 {[%emt 0:00:01]} h5 {[%emt 0:00:12]} 51. b4 {[%emt 0:00:04]} Rf3
{[%emt 0:00:02]} 52. b5 {[%emt 0:00:10]} Rxf2+ {[%emt 0:00:02]} 53. Kc3 {
[%emt 0:00:03]} Rf3+ {[%emt 0:00:01]} 54. Kc4 {[%emt 0:00:02]} Rxf4+ {[%emt 0:
00:06]} 55. Kc5 {[%emt 0:00:01]} Rf1 {[%emt 0:00:06]} 56. Rh6 {[%emt 0:00:06]}
Rc1+ {[%emt 0:00:06]} 57. Kd6 {[%emt 0:00:04]} Kg4 {[%emt 0:00:03]} 58. b6 {
[%emt 0:00:04]} h4 {[%emt 0:00:04]} 59. b7 {[%emt 0:00:04]} Rb1 {[%emt 0:00:01]
} 60. Kc7 {[%emt 0:00:01]} Rxb7+ {[%emt 0:00:10]} 61. Kxb7 {[%emt 0:00:02]} h3
{[%emt 0:00:00]} 62. Kc6 {[%emt 0:00:04]} Kg3 {[%emt 0:00:01]} 63. Kd5 {
[%emt 0:00:01]} h2 {[%emt 0:00:01]} 64. Ke4 {[%emt 0:00:04]} Kg2 {[%emt 0:00:
01]} 65. Rg6+ {[%emt 0:00:05]} Kf2 {[%emt 0:00:02]} 66. Rh6 {[%emt 0:00:01]}
Kg2 {[%emt 0:00:00]} 67. Rxh2+ {[%emt 0:00:03]} Kxh2 {[%emt 0:00:00]} 1/2-1/2